|
|
|
|
| LEADER |
00000nab a2200000 a 4500 |
| 001 |
vtls010257378 |
| 003 |
SK-MaSNL |
| 005 |
20260426085922.0 |
| 008 |
25050701c2008 xo o |||||||||||||||slol |
| 015 |
|
|
|a SNBRB2008/10
|
| 035 |
|
|
|a SVKKK000092267
|
| 035 |
|
|
|a urn:nbn:sk:snk-ab2wda
|
| 035 |
|
|
|a (urnnbn)urn:nbn:sk:snk:ar-a0313l
|
| 035 |
|
|
|a (uuid)b085a850-2299-4329-8878-0897abbd00e4
|
| 038 |
|
|
|a SVKKK
|
| 040 |
|
|
|a SNKBUCL
|b slo
|c SNKBUCL
|e AACR2
|
| 041 |
0 |
|
|a slo
|
| 044 |
|
|
|a xo
|c SK
|
| 080 |
|
|
|a 911.375:069
|x (437.6)
|2 1997
|
| 080 |
|
|
|a 069
|x (437.6)
|2 1997
|
| 080 |
|
|
|a 728.6
|x (437.6)
|2 1997
|
| 100 |
1 |
|
|a Zuskinová, Iveta,
|d 1950-
|4 aut
|4 pht
|9 105217
|
| 245 |
1 |
0 |
|a Múzeum slovenskej dediny
|b Martin
|c Iveta Zuslinová Daniel Kollár ; Ján Lacika, Zuzana Kollárová, Tibor Kollár
|
| 300 |
|
|
|b Fotogr.
|
| 610 |
2 |
7 |
|a Múzeum slovenskej dediny (Martin, Slovensko)
|2 snkbucl
|9 34473
|
| 650 |
0 |
7 |
|a ľudová architektúra
|2 SNKPH
|9 2956
|
| 650 |
0 |
7 |
|a skanzeny
|2 SNKPH
|9 43922
|
| 651 |
|
7 |
|a Slovensko
|2 SNKPH
|9 14231
|
| 700 |
1 |
|
|a Kollár, Daniel,
|d 1963-
|4 aut
|9 99818
|
| 700 |
1 |
|
|a Lacika, Ján,
|d 1956-
|4 pht
|9 101502
|
| 700 |
1 |
|
|a Kollárová, Zuzana
|4 pht
|9 10478
|
| 700 |
1 |
|
|a Kollár, Tibor
|4 pht
|9 265592
|
| 773 |
0 |
|
|t Krásy Slovenska
|g Roč. 85, č. 1-2 (2008)
|g S. Nestr.
|x 0323-0643
|
| 773 |
0 |
|
|t Múzeá ľudovej architektúry v prírode
|g Roč. 85, č. 1-2 (2008)
|g S. Nestr.
|x 0323-0643
|
| 850 |
|
|
|a Slovenská národná knižnica
|
| 852 |
|
|
|a Slovenská národná knižnica
|
| 954 |
|
|
|a odborná, vedecká literatúra pôvodná (slovenská)
|2 lita
|
| 958 |
|
|
|a article27
|
| 958 |
|
|
|a OND
|
| 958 |
|
|
|a EUIPO
|
| 999 |
|
|
|c 2975613
|d 2977543
|